[Event "CZE-chT2D 1819"]
[Site "Czech Republic"]
[Date "2019.03.31"]
[Round "11.3"]
[White "Vesely, Vitek"]
[Black "Hlavnicka, Jiri"]
[Result "1-0"]
[WhiteElo "2055"]
[BlackElo "2138"]
[PlyCount "43"]
[EventDate "2018.10.14"]
[EventType "team-tourn"]
[EventRounds "11"]
[EventCountry "CZE"]
[SourceTitle "EXT 2022"]
[Source "ChessBase"]
[SourceDate "2021.10.06"]
[SourceVersion "1"]
[SourceVersionDate "2021.10.06"]
[SourceQuality "1"]
[WhiteTeam "Chotebor"]
[BlackTeam "Pardubice Rapid"]
[WhiteTeamCountry "CZE"]
[BlackTeamCountry "CZE"]

1. d4 Nf6 2. c4 e6 3. Nc3 d5 4. cxd5 exd5 5. Bg5 Be7 6. e3 c6 7. Qc2 Bg4 8. Bd3 Nbd7 9. h3 Bh5 10. f4 h6 11. Bxf6 Nxf6 12. g4 Nxg4 13. hxg4 Bh4+ 14. Kf1 Bxg4 15. Qg2 f5 16. Nf3 Bf6 17. Nh2 Qd7 18. Nxg4 fxg4 19. Bg6+ Kd8 20. Bh5 Qe7 21. Re1 Bh4 22. Nxd5 1-0

[Event "CZE-chT2D 1718"]
[Site "Czech Republic"]
[Date "2017.11.19"]
[Round "3.5"]
[White "Hlavnicka, Jiri"]
[Black "Cizek, Antonin"]
[Result "1/2-1/2"]
[WhiteElo "2147"]
[BlackElo "2221"]
[PlyCount "51"]
[EventDate "2017.10.15"]
[EventType "team-tourn"]
[EventRounds "11"]
[EventCountry "CZE"]
[SourceTitle "EXT 2022"]
[Source "ChessBase"]
[SourceDate "2021.10.06"]
[SourceVersion "1"]
[SourceVersionDate "2021.10.06"]
[SourceQuality "1"]
[WhiteTeam "Pardubice Eurobit"]
[BlackTeam "Namest nad Oslavou"]
[WhiteTeamCountry "CZE"]
[BlackTeamCountry "CZE"]

1. Nf3 Nf6 2. g3 g6 3. Bg2 Bg7 4. 0-0 d5 5. d3 0-0 6. Nc3 c5 7. Bf4 d4 8. Na4 Nfd7 9. c4 Nc6 10. a3 e5 11. Bd2 a5 12. Rb1 Re8 13. Ng5 h6 14. Ne4 Bf8 15. b4 axb4 16. axb4 Nxb4 17. Nexc5 Nxc5 18. Nxc5 Bxc5 19. Bxb4 Bxb4 20. Rxb4 Re7 21. Qb3 Qa5 22. Rb1 Ra7 23. Rb5 Qd2 24. Qb4 Qxb4 25. R5xb4 Kf8 26. Bd5 1/2-1/2

[Event "CZE-chT2D 1617"]
[Site "Czech Republic"]
[Date "2017.04.02"]
[Round "11.3"]
[White "Vasut, Karel"]
[Black "Hlavnicka, Jiri"]
[Result "1/2-1/2"]
[WhiteElo "2113"]
[BlackElo "2158"]
[PlyCount "22"]
[EventDate "2016.10.09"]
[EventType "team-tourn"]
[EventRounds "11"]
[EventCountry "CZE"]
[SourceTitle "EXT 2022"]
[Source "ChessBase"]
[SourceDate "2021.10.06"]
[SourceVersion "1"]
[SourceVersionDate "2021.10.06"]
[SourceQuality "1"]
[WhiteTeam "Zdar nad Sazavou"]
[BlackTeam "Pardubice Rapid II"]
[WhiteTeamCountry "CZE"]
[BlackTeamCountry "CZE"]

1. b4 c6 2. c4 d5 3. cxd5 cxd5 4. Bb2 Nf6 5. Nf3 e6 6. a3 Be7 7. e3 0-0 8. Be2 Bd7 9. Nc3 Nc6 10. 0-0 Bd6 11. Qb3 Qe7 1/2-1/2

[Event "CZE-chT 1617"]
[Site "Czech Republic"]
[Date "2017.02.26"]
[Round "8.8"]
[White "Chytilek, Roman"]
[Black "Hlavnicka, Jiri"]
[Result "1/2-1/2"]
[WhiteElo "2326"]
[BlackElo "2158"]
[PlyCount "47"]
[EventDate "2016.10.08"]
[EventType "team-tourn"]
[EventRounds "11"]
[EventCountry "CZE"]
[SourceTitle "CBM 177 Extra"]
[Source "ChessBase"]
[SourceDate "2017.04.27"]
[SourceVersion "1"]
[SourceVersionDate "2017.04.27"]
[SourceQuality "1"]
[WhiteTeam "Brno Duras"]
[BlackTeam "Pardubice"]
[WhiteTeamCountry "CZE"]
[BlackTeamCountry "CZE"]

1. Nf3 Nf6 2. c4 e6 3. Nc3 d5 4. d4 Be7 5. Bf4 c6 6. e3 Nbd7 7. a3 0-0 8. cxd5 Nxd5 9. Nxd5 exd5 10. Bd3 c5 11. 0-0 c4 12. Bc2 Nf6 13. Ne5 Be6 14. b3 cxb3 15. Bxb3 Ne4 16. f3 Nd6 17. Bc2 Qa5 18. Qb1 h6 19. Nd3 b6 20. Nb4 Rfc8 21. Bh7+ Kh8 22. Bxd6 Bxd6 23. Bf5 Rc3 24. e4 1/2-1/2

[Event "CZE-chT2D 1617"]
[Site "Czech Republic"]
[Date "2016.10.30"]
[Round "2.2"]
[White "Hlavnicka, Jiri"]
[Black "Jedlicka, Lubos"]
[Result "1/2-1/2"]
[WhiteElo "2158"]
[BlackElo "2214"]
[PlyCount "23"]
[EventDate "2016.10.09"]
[EventType "team-tourn"]
[EventRounds "11"]
[EventCountry "CZE"]
[SourceTitle "EXT 2022"]
[Source "ChessBase"]
[SourceDate "2021.10.06"]
[SourceVersion "1"]
[SourceVersionDate "2021.10.06"]
[SourceQuality "1"]
[WhiteTeam "Pardubice Rapid II"]
[BlackTeam "Lipa"]
[WhiteTeamCountry "CZE"]
[BlackTeamCountry "CZE"]

1. d4 Nf6 2. Nf3 c5 3. c3 g6 4. e3 Bg7 5. Be2 0-0 6. 0-0 b6 7. a4 d6 8. a5 Bb7 9. axb6 axb6 10. Rxa8 Bxa8 11. Na3 Nbd7 12. Qa4 1/2-1/2

[Event "CZE-chT2D 1516"]
[Site "Czech Republic"]
[Date "2016.01.10"]
[Round "5.4"]
[White "Szucs, Matyas"]
[Black "Hlavnicka, Jiri"]
[Result "1/2-1/2"]
[WhiteElo "2130"]
[BlackElo "2158"]
[PlyCount "32"]
[EventDate "2015.10.18"]
[EventType "team-tourn"]
[EventRounds "11"]
[EventCountry "CZE"]
[SourceTitle "EXT 2022"]
[Source "ChessBase"]
[SourceDate "2021.10.06"]
[SourceVersion "1"]
[SourceVersionDate "2021.10.06"]
[SourceQuality "1"]
[WhiteTeam "Polabiny III"]
[BlackTeam "Pardubice Rapid II"]
[WhiteTeamCountry "CZE"]
[BlackTeamCountry "CZE"]

1. d4 Nf6 2. Nf3 d5 3. e3 Bf5 4. Bd3 Bxd3 5. Qxd3 c6 6. Nc3 e6 7. e4 dxe4 8. Nxe4 Nxe4 9. Qxe4 Be7 10. Bd2 0-0 11. c4 Nd7 12. Bc3 Bf6 13. Rd1 Qc7 14. Ne5 Rfd8 15. f4 c5 16. d5 exd5 1/2-1/2

[Event "CZE-chT2D 1516"]
[Site "Czech Republic"]
[Date "2015.10.18"]
[Round "1.3"]
[White "Hlavnicka, Jiri"]
[Black "Krejci, Jan"]
[Result "1/2-1/2"]
[WhiteElo "2158"]
[BlackElo "2134"]
[PlyCount "53"]
[EventDate "2015.10.18"]
[EventType "team-tourn"]
[EventRounds "11"]
[EventCountry "CZE"]
[SourceTitle "EXT 2022"]
[Source "ChessBase"]
[SourceDate "2021.10.06"]
[SourceVersion "1"]
[SourceVersionDate "2021.10.06"]
[SourceQuality "1"]
[WhiteTeam "Pardubice Rapid II"]
[BlackTeam "Litovel Tatran II"]
[WhiteTeamCountry "CZE"]
[BlackTeamCountry "CZE"]

1. Nf3 Nf6 2. d4 d5 3. g3 Bf5 4. Bg2 c6 5. 0-0 e6 6. Nbd2 Bd6 7. c4 Nbd7 8. a3 a5 9. b3 0-0 10. Bb2 b5 11. c5 Bc7 12. a4 b4 13. Rc1 h6 14. e3 Re8 15. Re1 Ne4 16. Nxe4 Bxe4 17. Nh4 Bxg2 18. Nxg2 e5 19. dxe5 Bxe5 20. Bd4 Qf6 21. f4 Bxd4 22. Qxd4 Qf5 23. Nh4 Qe6 24. Nf3 Qg4 25. Kg2 Re4 26. Qd3 Nf6 27. Nd2 1/2-1/2

[Event "CZE-chT2D 1415"]
[Site "Czech Republic"]
[Date "2015.01.25"]
[Round "6.3"]
[White "Safarik, Jakub"]
[Black "Hlavnicka, Jiri"]
[Result "1-0"]
[WhiteElo "2104"]
[BlackElo "2190"]
[PlyCount "67"]
[EventDate "2014.11.02"]
[EventType "team-tourn"]
[EventRounds "11"]
[EventCountry "CZE"]
[SourceTitle "EXT 2022"]
[Source "ChessBase"]
[SourceDate "2021.10.06"]
[SourceVersion "1"]
[SourceVersionDate "2021.10.06"]
[SourceQuality "1"]
[WhiteTeam "Lipa ZVU Engineering"]
[BlackTeam "Pardubice AKIS"]
[WhiteTeamCountry "CZE"]
[BlackTeamCountry "CZE"]

1. b3 b6 2. Bb2 Bb7 3. e3 Nf6 4. Nf3 e6 5. c4 Be7 6. Bd3 d6 7. Bc2 Nbd7 8. Nc3 c5 9. Qe2 a6 10. Rg1 Qc7 11. g4 0-0-0 12. 0-0-0 h6 13. h4 Ne5 14. Ne1 Nfd7 15. f4 Nc6 16. h5 Nb4 17. Bb1 Nf6 18. a3 Nc6 19. Nf3 Ne8 20. Bc2 Kb8 21. Kb1 Ka7 22. d4 Nb8 23. d5 Bf6 24. e4 e5 25. g5 hxg5 26. fxg5 Be7 27. Nh4 Bf8 28. Rdf1 Bc8 29. Bd1 Qe7 30. Qf2 Rd7 31. Bg4 Rc7 32. Bxc8 Rxc8 33. Qxf7 Rc7 34. Qf3 1-0

[Event "CZE-chT2D 1314"]
[Site "Czech Republic"]
[Date "2014.04.06"]
[Round "11.2"]
[White "Voloshin, Leonid"]
[Black "Hlavnicka, Jiri"]
[Result "1-0"]
[WhiteElo "2385"]
[BlackElo "2199"]
[PlyCount "69"]
[EventDate "2013.11.03"]
[EventType "team-tourn"]
[EventRounds "11"]
[EventCountry "CZE"]
[SourceTitle "EXT 2016"]
[Source "ChessBase"]
[SourceDate "2015.10.08"]
[SourceVersion "1"]
[SourceVersionDate "2015.10.08"]
[SourceQuality "1"]
[WhiteTeam "Jicin II"]
[BlackTeam "Pardubice AKIS"]
[WhiteTeamCountry "CZE"]
[BlackTeamCountry "CZE"]

1. d4 d5 2. c4 c6 3. e3 Nf6 4. Nf3 g6 5. Nc3 Bg7 6. Qb3 0-0 7. Bd2 dxc4 8. Bxc4 b5 9. Be2 a5 10. 0-0 Be6 11. Qc2 Bg4 12. h3 Bxf3 13. Bxf3 b4 14. Na4 Nd5 15. a3 bxa3 16. Rxa3 e5 17. dxe5 Bxe5 18. Rd3 Qf6 19. Bxd5 cxd5 20. f4 Bd6 21. Nb6 Ra6 22. Nxd5 Qe6 23. Bc3 f6 24. f5 gxf5 25. Qf2 Be5 26. Qxf5 Qxf5 27. Rxf5 Bxc3 28. Rxc3 Nd7 29. Rc7 Rd6 30. Ra7 Nb6 31. Ne7+ Kh8 32. Rfxa5 Nc4 33. Rh5 Rd1+ 34. Kh2 Rf7 35. Ra8+ 1-0

[Event "CZE-chT2D 1314"]
[Site "Czech Republic"]
[Date "2013.12.01"]
[Round "3.1"]
[White "Hlavnicka, Jiri"]
[Black "Vecera, Pavel"]
[Result "1-0"]
[WhiteElo "2199"]
[BlackElo "2215"]
[PlyCount "57"]
[EventDate "2013.11.03"]
[EventType "team-tourn"]
[EventRounds "11"]
[EventCountry "CZE"]
[SourceTitle "EXT 2016"]
[Source "ChessBase"]
[SourceDate "2015.10.08"]
[SourceVersion "1"]
[SourceVersionDate "2015.10.08"]
[SourceQuality "1"]
[WhiteTeam "Pardubice AKIS"]
[BlackTeam "Havlickuv Brod"]
[WhiteTeamCountry "CZE"]
[BlackTeamCountry "CZE"]

1. d4 d5 2. Nf3 Nf6 3. c4 e6 4. e3 c5 5. Nc3 Nc6 6. Bd3 Be7 7. 0-0 0-0 8. b3 b6 9. Bb2 cxd4 10. exd4 Nb4 11. Be2 Bb7 12. a3 Nc6 13. b4 dxc4 14. Bxc4 Rc8 15. Bb3 Qd6 16. Qd2 Rfd8 17. Rad1 a5 18. b5 Na7 19. Ne5 Rxc3 20. Qxc3 Nxb5 21. Qe3 Nxa3 22. Bxa3 Qxa3 23. Nxf7 Kxf7 24. Qxe6+ Ke8 25. Qf7+ Kd7 26. Rc1 b5 27. Rfe1 Be4 28. Be6+ Kd6 29. Bf5 1-0

[Event "CZE-chT2D 1213"]
[Site "Czech Republic"]
[Date "2013.01.06"]
[Round "6.1"]
[White "Hlavnicka, Jiri"]
[Black "Novotny, Michal"]
[Result "1-0"]
[WhiteElo "2211"]
[BlackElo "2274"]
[PlyCount "119"]
[EventDate "2012.10.14"]
[EventType "team-tourn"]
[EventRounds "11"]
[EventCountry "CZE"]
[SourceTitle "EXT 2016"]
[Source "ChessBase"]
[SourceDate "2015.10.08"]
[SourceVersion "1"]
[SourceVersionDate "2015.10.08"]
[SourceQuality "1"]
[WhiteTeam "Pardubice Rapid II"]
[BlackTeam "Chrudim"]
[WhiteTeamCountry "CZE"]
[BlackTeamCountry "CZE"]

1. d4 d5 2. Nf3 e6 3. Bg5 Be7 4. Bxe7 Qxe7 5. c3 Nf6 6. e3 Nbd7 7. Nbd2 e5 8. dxe5 Nxe5 9. Nxe5 Qxe5 10. Be2 0-0 11. 0-0 Qe7 12. Qc2 Bg4 13. Bxg4 Nxg4 14. Qf5 Ne5 15. Nf3 f6 16. Rad1 c6 17. e4 g6 18. Qh3 Nxf3+ 19. gxf3 Rad8 20. exd5 Rxd5 21. Rxd5 cxd5 22. Rd1 Rd8 23. Qf1 Qe5 24. Re1 Qg5+ 25. Kh1 Qf5 26. Qe2 Rd7 27. Qe8+ Kg7 28. Re7+ Rxe7 29. Qxe7+ Kh6 30. Qe3+ Kh5 31. Qxa7 Qxf3+ 32. Kg1 Qg4+ 33. Kf1 Qc4+ 34. Kg2 Qe4+ 35. f3 Qe7 36. Qd4 Qe2+ 37. Kg3 Qe1+ 38. Kg2 f5 39. a4 Qe2+ 40. Qf2 Qd1 41. a5 Qb3 42. Qd2 g5 43. Qe2 f4 44. Kh3 Kg6 45. Qe6+ Kg7 46. Kg4 Qxb2 47. Qe7+ Kg6 48. Qxg5+ Kf7 49. Qxd5+ Kg6 50. Qg5+ Kf7 51. Qxf4+ Kg6 52. Qf5+ Kg7 53. Qd7+ Kg6 54. Qd6+ Kf7 55. Qc7+ Kg8 56. Kf5 Qc2+ 57. Ke6 Qg6+ 58. Kd5 Qf5+ 59. Kd4 Qxf3 60. Qg3+ 1-0

[Event "CZE-chT2D 1213"]
[Site "Czech Republic"]
[Date "2012.11.18"]
[Round "3.1"]
[White "Nun, Jiri"]
[Black "Hlavnicka, Jiri"]
[Result "1/2-1/2"]
[WhiteElo "2376"]
[BlackElo "2211"]
[PlyCount "35"]
[EventDate "2012.10.14"]
[EventType "team-tourn"]
[EventRounds "11"]
[EventCountry "CZE"]
[SourceTitle "EXT 2016"]
[Source "ChessBase"]
[SourceDate "2015.10.08"]
[SourceVersion "1"]
[SourceVersionDate "2015.10.08"]
[SourceQuality "1"]
[WhiteTeam "Hradec Kralove II"]
[BlackTeam "Pardubice Rapid II"]
[WhiteTeamCountry "CZE"]
[BlackTeamCountry "CZE"]

1. e4 c6 2. d4 g6 3. Nc3 Bg7 4. Nf3 d5 5. h3 dxe4 6. Nxe4 Nf6 7. Nxf6+ Bxf6 8. Bc4 0-0 9. Bh6 Re8 10. 0-0 Nd7 11. Re1 Nb6 12. Bb3 a5 13. a3 a4 14. Ba2 Ra5 15. Ne5 Bxe5 16. dxe5 Qxd1 17. Raxd1 Be6 18. Bxe6 1/2-1/2

[Event "CZE-chT2D 1213"]
[Site "Czech Republic"]
[Date "2012.10.14"]
[Round "1.3"]
[White "Hlavnicka, Jiri"]
[Black "Kourek, Josef"]
[Result "0-1"]
[WhiteElo "2211"]
[BlackElo "2133"]
[PlyCount "120"]
[EventDate "2012.10.14"]
[EventType "team-tourn"]
[EventRounds "11"]
[EventCountry "CZE"]
[SourceTitle "EXT 2016"]
[Source "ChessBase"]
[SourceDate "2015.10.08"]
[SourceVersion "1"]
[SourceVersionDate "2015.10.08"]
[SourceQuality "1"]
[WhiteTeam "Pardubice Rapid II"]
[BlackTeam "Polabiny III"]
[WhiteTeamCountry "CZE"]
[BlackTeamCountry "CZE"]

1. d4 Nf6 2. Nf3 g6 3. c4 Bg7 4. Nc3 d6 5. h3 0-0 6. e4 e5 7. dxe5 dxe5 8. Qxd8 Rxd8 9. Bg5 c6 10. Be2 Re8 11. Nd2 Na6 12. Be3 Bf8 13. a3 Nc7 14. 0-0 Ne6 15. Rfc1 Nd4 16. Bd1 Be6 17. Ne2 Rad8 18. b4 Rd7 19. Rab1 Red8 20. Nxd4 Rxd4 21. Bxd4 Rxd4 22. Nf3 Rxe4 23. Bc2 Rxc4 24. Ba4 Rxc1+ 25. Rxc1 e4 26. Nd4 Bd5 27. Bd1 Bh6 28. Rc3 Bd2 29. Rc2 e3 30. Kf1 Ne4 31. Bf3 Nxf2 32. Bxd5 cxd5 33. Rc5 Ne4 34. Rxd5 Ng3+ 35. Kg1 e2 36. Nf3 e1Q+ 37. Nxe1 Bxe1 38. Rd7 Nf5 39. Rxb7 Bc3 40. Kf1 Bd4 41. Ke2 Kf8 42. g4 Nd6 43. Rd7 Nb5 44. Kd3 Bg1 45. a4 Ke8 46. Rb7 Nd6 47. Rb8+ Ke7 48. Rh8 Bh2 49. Ra8 Bg1 50. Rh8 Bh2 51. Kd4 Ke6 52. Rxh7 Be5+ 53. Kc5 Ne4+ 54. Kc6 Ng5 55. Rh6 Bg7 56. Rh4 Ke5 57. b5 Kf4 58. a5 Bd4 59. Rh8 Bxh8 60. b6 Bd4 0-1